000 00280nam a22001337a 4500
008 170606b xxu||||| |||| 00| 0 eng d
020 _a9780813335339
041 _aeng
080 _a94(100)
100 _a18
101 _aSHH
245 _aEND GANE
_cDAVID,R
942 _2udc
_cBK
999 _c16162
_d16162